LEADER 01077nam a2200241 a 4500 001 000000111682 003 CaOOAMICUS 005 20080519101151.0 008 080519s2006 it m 000 u ita d 040 $aALF$bita$daaa$dPUL$dLDB 100 1 $aFrati, Alessandro,$d1976-$0(OLS)http://pul/name/68658 245 10$aLinguaggi pubblicitari e valori etici /$cAlessandro Frati. 260 $aFidentiae :$b[s.n.],$c2006. 300 $a146 p. ;$c24 cm. 500 $aIn testa al front.: Pontificia Universitas Lateranensis, Academia Alfonsiana, Institutum Superius Theologiae Moralis 502 $aEstratto di dissertazione: Pontificia Universitas Lateranensis. Academia Alfonsiana 504 $aBibliogr.: p. [115]-138. 650 4$aPubblicità$xEtica.$0(OLS)http://pul/subject/34444 850 $aPUL 852 $aPUL$W1$xDP1 Tesi Acc. Alfonsiana$y28$m2006 B 23$j128205$qTesi$B126717$CPULBib$Z2$F126717 $82 941 1 $a16 996 $6245$aLinguaggi pubblicitari e valori etici$9(OLS)http://pul/title/140477 996 $6260$aFidentiae :$b[s.n.]$9(OLS)http://pul/publisher/79909 LEADER 01390nam a2200301 a 4500 001 000000159498 003 CaOOAMICUS 005 20170317145523.0 008 170317s2017 it u000 u ita r 020 $a978-8858206829* 032 $aLibriCat 040 $aPUL$bita 082 14$a343.45 100 1 $aIaselli, Michele.$0(OLS)http://pul/name/77114 245 10$aCome esercitare il diritto all?oblio in Internet :$ble procedure extragiudiziali, la tutela d'urgenza, il risarcimento danni /$cMichele Iaselli. 260 $aRoma :$bDike Giuridica Editrice,$c©2017. 300 $a170 p. ;$c24 cm. 490 1 $aDiritto in chiaro 650 4$aInternet$xDiritto e legislazione$zItalia.$0(OLS)http://pul/subject/35257 830 0$aDiritto in chiaro.$0(OLS)http://pul/title/199114 850 $aPUL 852 $aPUL$W1$xSL Diritto e Scienze Sociali 3$y79$m343. 45 IASMI 1$j182919$qDDC 21$B186125$CPULBib$Z2$F186125 $H129076 $82 941 1 $a9 996 $6020$a978-8858206829*$9(OLS)http://pul/number/162223 996 $6082$a343.45$9(OLS)http://pul/classification/467 996 $6245$aCome esercitare il diritto all?oblio in Internet :$ble procedure extragiudiziali, la tutela d'urgenza, il risarcimento danni$9(OLS)http://pul/title/199113 996 $6260$aRoma :$bDike Giuridica Editrice$9(OLS)http://pul/publisher/80046